000 00712cam a22002771 4500
001 6084627
003 OSt
005 20180116183021.0
008 750908s1960 nyu 000 1 eng
010 _a 60009488
035 _a(OCoLC)1610113
040 _aDLC
_cFM
_dNN
_dOCoLC
_dDLC
042 _apremarc
043 _af-tz---
050 0 0 _aPZ4.R476
_bSy
082 _a791.4575 RHO 1960
100 1 _aRhodes, Denys,
_d1919-
245 1 4 _aThe Syndicate.
250 _a[1st ed.]
260 _aGarden City, N.Y.,
_bDoubleday,
_c1960.
300 _a275 p.
_c22 cm.
440 _aThe Syndicate
651 0 _aTanzania
_vFiction.
906 _a7
_bcbc
_coclcrpl
_du
_encip
_f19
_gy-gencatlg
942 _2ddc
_cBK
999 _c350594
_d350594